Proprietary remedies in context (Record no. 101772)
[ view plain ]
| 000 -LEADER | |
|---|---|
| fixed length control field | 01055cam a2200241 4500 |
| 008 - FIXED-LENGTH DATA ELEMENTS--GENERAL INFORMATION | |
| fixed length control field | 011116n2002 000 0 eng u |
| 020 ## - INTERNATIONAL STANDARD BOOK NUMBER | |
| International Standard Book Number | 1841131652 |
| 035 ## - SYSTEM CONTROL NUMBER | |
| System control number | (Sirsi) u115615 |
| 041 ## - LANGUAGE CODE | |
| Language code of text/sound track or separate title | eng. |
| 050 ## - LIBRARY OF CONGRESS CALL NUMBER | |
| Classification number | 346.04 |
| 100 ## - MAIN ENTRY--PERSONAL NAME | |
| Personal name | Rotherham, C. |
| 245 ## - TITLE STATEMENT | |
| Title | Proprietary remedies in context |
| 260 ## - PUBLICATION, DISTRIBUTION, ETC. | |
| Place of publication, distribution, etc. | Oxford |
| Name of publisher, distributor, etc. | Hart Publishing |
| Date of publication, distribution, etc. | 2002 |
| 300 ## - PHYSICAL DESCRIPTION | |
| Extent | xxix, 354p. |
| Dimensions | 2002 |
| 350 ## - PRICE (NR) (BK AM CF MU VM SE) [OBSOLETE] | |
| Price | 40.00 |
| 520 ## - SUMMARY, ETC. | |
| Summary, etc. | There is little coherence in the law of proprietary remedies as a whole. This book examines redistributive processes such as tracing, subrogation and proprietary estoppel and the use of the constructive trust in the context of contracts to assign property, vitiated transactions, the profits of wrongdoing and the breakdown of intimate relationships. In doing so, it contrasts the English treatment of this area of law with developments in other common law jurisdictions. |
| 650 ## - SUBJECT ADDED ENTRY--TOPICAL TERM | |
| Topical term or geographic name entry element | ENGLAND |
| 650 ## - SUBJECT ADDED ENTRY--TOPICAL TERM | |
| Topical term or geographic name entry element | PROPERTY RIGHTS |
| 650 ## - SUBJECT ADDED ENTRY--TOPICAL TERM | |
| Topical term or geographic name entry element | PROPRIETARY ESTOPPEL |
| 650 ## - SUBJECT ADDED ENTRY--TOPICAL TERM | |
| Topical term or geographic name entry element | PROPRIETARY REMEDIES |
| 690 ## - LOCAL SUBJECT ADDED ENTRY--TOPICAL TERM (OCLC, RLIN) | |
| Topical term or geographic name as entry element | PROPERTY |
| 942 ## - ADDED ENTRY ELEMENTS (KOHA) | |
| Suppress in OPAC | 0 |
| Withdrawn status | Lost status | Source of classification or shelving scheme | Damaged status | Not for loan | Home library | Current library | Shelving location | Date acquired | Cost, normal purchase price | Total Checkouts | Full call number | Barcode | Date last seen | Copy number | Cost, replacement price | Price effective from | Koha item type |
|---|---|---|---|---|---|---|---|---|---|---|---|---|---|---|---|---|---|
| Dewey Decimal Classification | London | London | Books | 08/05/2002 | 40.00 | 346.04 ROT | 30065687 | 06/08/2019 | 1 | 40.00 | 06/08/2019 | Book |